La historia como progreso : la aparición del hombre.

-д хадгалсан:
Номзүйн дэлгэрэнгүй
Үндсэн зохиолч: Delfgaauw, Bernard (autor)
Бусад зохиолчид: Rovira Armengol, José, tr (autor) tr, (autor)
Формат: Ном
Хэл сонгох:испани
Нөхцлүүд:
Шошгууд: Шошго нэмэх
Шошго байхгүй, Энэхүү баримтыг шошголох эхний хүн болох!

MARC

LEADER 00000cam^a2200000uu^4500
001 000477275
005 20250521000000.0
008 050901s1968^^^^^^^^^^^^rd^r^^000^0^spa^d
009 20260310124846.807
035 |a FCE 000020221 
035 |a FCE 028699 
037 |a Acervo ITESO - Biblioteca 
041 |a spa 
082 0 4 |a 901.9  |b DELh T.1 
100 |a Delfgaauw, Bernard  |e (autor) 
245 1 3 |a La historia como progreso :  |b la aparición del hombre. 
264 |a Buenos Aires :  |b Carlos Lohle,  |c 1968. 
300 |a 211 p. 
336 |a texto  |b txt  |2 rdacontenido 
337 |a sin mediación  |b n  |2 rdamedio 
338 |a volumen  |b nc  |2 rdasoporte 
596 |a Traducción de: Geschiedenis en vooruitgang 
649 |a XX 
650 |a Teoría 
650 |a Historia 
650 |a Hombre 
650 |a Civilización 
650 |a Ontología 
650 |a Evolución 
700 |a Rovira Armengol, José,  |e tr  |e (autor) 
910 |a Fondo Centro de Estudios Educativos 
920 |a Impresos - Libros 
930 |a Fondos Especiales 
905 |a 133 
901 |a ALE028699  |b IT2  |c CEE  |u 20250521 
902 |a https://opac.biblio.iteso.mx/vufind/Record/000477275